Normal view
MARC view
- Champion, Edward R
Entry Personal Name
001 - CONTROL NUMBER
- control field: 76177
003 - CONTROL NUMBER IDENTIFIER
- control field: NUST
005 - DATE AND TIME OF LATEST TRANSACTION
- control field: 20210628205607.0
008 - FIXED-LENGTH DATA ELEMENTS
- fixed length control field: 210628|| aca||aabn | a|a d
040 ## - CATALOGING SOURCE
- Original cataloging agency: NUST
- Transcribing agency: NUST
100 ## - HEADING--PERSONAL NAME
- Personal name: Champion, Edward R
670 ## - SOURCE DATA FOUND
- Source citation: Work cat.: (NUST): Champion, Edward R, Finite element analysis in manufacturing engineering a pc-based approach, 1992
